Dr. S. R. Lasker Library Online Catalogue

Home      Library Home      Institutional Repository      E-Resources      MyAthens      EWU Home

IP over WDM / (Record no. 3380)

MARC details
000 -LEADER
fixed length control field 01749cam a22004094a 4500
001 - CONTROL NUMBER
control field 3380
003 - CONTROL NUMBER IDENTIFIER
control field BD-DhEWU
005 - DATE AND TIME OF LATEST TRANSACTION
control field 20181220161124.0
008 - FIXED-LENGTH DATA ELEMENTS--GENERAL INFORMATION
fixed length control field 020730s2002 nyua g b 001 0 eng
020 ## - INTERNATIONAL STANDARD BOOK NUMBER
International Standard Book Number 0470844175
International Standard Book Number 9780470844175
035 ## - SYSTEM CONTROL NUMBER
System control number (OCoLC) 49206306
040 ## - CATALOGING SOURCE
Original cataloging agency DLC
Transcribing agency DLC
Modifying agency DLC
-- BD-DhEWU
Language of cataloging eng
041 ## - LANGUAGE CODE
Language code of text/sound track or separate title eng
050 00 - LIBRARY OF CONGRESS CALL NUMBER
Classification number TK5103.592.W38
Item number L57 2002
082 00 - DEWEY DECIMAL CLASSIFICATION NUMBER
Classification number 004.678
Item number LII 2002
100 1# - MAIN ENTRY--PERSONAL NAME
Personal name Liu, Kevin H.
9 (RLIN) 1858
245 10 - TITLE STATEMENT
Title IP over WDM /
Statement of responsibility, etc Kevin H. Liu.
260 ## - PUBLICATION, DISTRIBUTION, ETC. (IMPRINT)
Place of publication, distribution, etc Chichester :
Name of publisher, distributor, etc J. Wiley,
Date of publication, distribution, etc c2002.
300 ## - PHYSICAL DESCRIPTION
Extent xxiii, 389 p. :
Other physical details ill. ;
Dimensions 25 cm.
504 ## - BIBLIOGRAPHY, ETC. NOTE
Bibliography, etc Includes bibliographical references and index.
520 ## - SUMMARY, ETC.
Summary, etc Focusing on IP over WDM optical networks, this book summarizes the fundamental mechanisms and the development and deployment of WDM optical networks. It provides information on both the network and the software architectures needed to implement WDM enabled optical networks designed to transport IP traffic.
526 ## - STUDY PROGRAM INFORMATION NOTE
Program name CSE
590 ## - LOCAL NOTE (RLIN)
Local note Shaharima Parvin
650 #7 - SUBJECT ADDED ENTRY--TOPICAL TERM
Topical term or geographic name as entry element Wavelength division multiplexing.
9 (RLIN) 1859
Source of heading or term SLSH
Topical term or geographic name as entry element TCP/IP (Computer network protocol)
9 (RLIN) 1860
Source of heading or term SLSH
Topical term or geographic name as entry element Fiber optics.
9 (RLIN) 1861
Source of heading or term SLSH
856 42 - ELECTRONIC LOCATION AND ACCESS
Materials specified Publisher description
Uniform Resource Identifier http://www.loc.gov/catdir/description/wiley036/2002028073.html
Materials specified Table of contents
Uniform Resource Identifier http://www.loc.gov/catdir/toc/wiley031/2002028073.html
Materials specified Book review (E-STREAMS)
Uniform Resource Identifier http://www.e-streams.com/es0701/es0701_2964.html
Materials specified WorldCat details
Uniform Resource Identifier http://www.worldcat.org/title/ip-over-wdm/oclc/49206306&referer=brief_results
Materials specified Ebook Fulltext
Uniform Resource Identifier http://lib.ewubd.edu/ebook/3380
942 ## - ADDED ENTRY ELEMENTS (KOHA)
Source of classification or shelving scheme Dewey Decimal Classification
Koha item type Text
Holdings
Withdrawn status Lost status Source of classification or shelving scheme Damaged status Not for loan Collection code Home library Current library Shelving location Date acquired Source of acquisition Cost, normal purchase price Total Checkouts Full call number Barcode Copy number Koha item type Date last seen Date checked out Price effective from
    Dewey Decimal Classification   Not For Loan Non-fiction Dr. S. R. Lasker Library, EWU Dr. S. R. Lasker Library, EWU Reserve Section 06/09/2003 Karim International 5250.00   004.678 LII 2002 12724 C-1 Text      
    Dewey Decimal Classification     Non-fiction Dr. S. R. Lasker Library, EWU Dr. S. R. Lasker Library, EWU Circulation Section 06/09/2003 Karim International 5250.00 2 004.678 LII 2002 12727 C-4 Text 09/02/2012 06/02/2012  
    Dewey Decimal Classification     Non-fiction Dr. S. R. Lasker Library, EWU Dr. S. R. Lasker Library, EWU Circulation Section 06/09/2003 Karim International 5250.00   004.678 LII 2002 12728 C-5 Text      
    Dewey Decimal Classification     Non-fiction Dr. S. R. Lasker Library, EWU Dr. S. R. Lasker Library, EWU Circulation Section 06/09/2003 Karim International 5250.00   004.678 LII 2002 12725 C-2 Text      
    Dewey Decimal Classification     Non-fiction Dr. S. R. Lasker Library, EWU Dr. S. R. Lasker Library, EWU Circulation Section 06/09/2003 Karim International 5250.00   004.678 LII 2002 12726 C-3 Text      
    Dewey Decimal Classification     Non-fiction Dr. S. R. Lasker Library, EWU Dr. S. R. Lasker Library, EWU E-book 30/01/2018       004.678 LII 2002     E-Book 30/01/2018   30/01/2018